Mikroekonómia

Salvato in:
Dettagli Bibliografici
Autore principale: Fendeková, Eleonora, 1952-
Ente Autore: Ekonomická univerzita v Bratislave. Fakulta podnikového manažmentu
Altri autori: Strieška, Ľubomír, Grznár, Miroslav, Grell, Michal
Natura: Libro
Lingua:slovacco
Pubblicazione: Bratislava Vydavateľstvo EKONÓM 1998
Soggetti:
Tags: Aggiungi Tag
Nessun Tag, puoi essere il primo ad aggiungerne!!

MARC

LEADER 00000nam a2200000 4500
001 c108134
005 20240502071315.8
020 |a 80-225-1072-6 
041 0 |a slo 
044 |a SK 
245 1 0 |a Mikroekonómia  |c Eleonora Fendeková, Ľubomír Strieška 
264 1 |a Bratislava  |b Vydavateľstvo EKONÓM  |c 1998 
300 |a 260 s. 
610 2 0 |a mikroekonomika 
610 2 0 |a ponuka 
610 2 0 |a dopyt 
610 2 0 |a rovnováha trhová 
610 2 0 |a spotrebitelia 
610 2 0 |a správanie spotrebiteľa 
610 2 0 |a modely 
610 2 0 |a rovnováha 
610 2 0 |a dôchodky 
610 2 0 |a ceny 
610 2 0 |a firmy 
610 2 0 |a technológia 
610 2 0 |a produkcia 
610 2 0 |a náklady 
610 2 0 |a zisk 
610 2 0 |a monopoly 
610 2 0 |a konkurencia 
610 2 0 |a oligopoly 
610 2 0 |a trh kapitálový 
610 2 0 |a rozhodovanie investičné 
610 2 0 |a miera úroková 
610 2 0 |a inflácia 
100 1 |a Fendeková, Eleonora, 1952- 
700 1 |a Strieška, Ľubomír 
700 1 |a Grznár, Miroslav 
700 1 |a Grell, Michal 
710 2 |a Ekonomická univerzita v Bratislave. Fakulta podnikového manažmentu